000 00288nam a2200121Ia 4500
005 20251222143109.0
008 251222s9999||||xx |||||||||||||| ||spa||
082 _a362.76/U35
100 _aUlfee Galindo, Alberto
245 0 _aEl NiƱo Maltratado
264 _bPagina Nueva
942 _cLIB
999 _c11116
_d11116